00659nam a2200157Ia 4500008004100000100001800041245006200059245015900121260004900280260000900329300001000338650001300348856004800361999001900409952007300428170221s9999 xx 000 0 und d aJon K. Webber aRevisiting common sense leadership: A Chinese perspective cJon K. Webber, University of Phoenix; Gregory W. Goussak, Ashford University; Elliot M. Ser, Florida Atlantic University; Jan Yang, University of Phoenix. bJournal of Management and Marketing Research c2013 a2 : 1 xBusiness uhttp://www.aabri.com/manuscripts/131721.pdf c311610d311610 001040aCLbCLd2017-02-21l0r2017-02-21 00:00:00w2017-02-21yFOJ